000 00749cam a2200241 a 4500
001 13745243
005 20180109071458.0
008 041008s2006 maua 000 0 eng
010 _a 2004060975
020 _a0072524952 (acidfree paper)
020 _a0073104639 (pkg.)
020 _a0073080136 (CDROM)
040 _aDLC
_beng
_cDLC
_dDLC
041 _aeng
080 _a530.141 WIL
082 0 0 _a530.141 WIL
_222
100 1 _a27
101 _aENG
245 1 0 _aEngineering electromagnetics /
_cWilliam H. Hayt, Jr., John A. Buck.
906 _a7
_bcbc
_corignew
_d1
_eocip
_f20
_gy-gencatlg
942 _2ddc
_cBK
999 _c39898
_d39898